Psicoanálisis y religión: diálogo interminable, Sigmunf Freud y Oskar Pfister

Guardat en:
Dades bibliogràfiques
Autor principal: Domínguez Morano, Carlos (Autor)
Format: Llibre
Idioma:espanyol
Publicat: Madrid Trotta 2000
Edició:1a. ed
Col·lecció:Colección Estructuras y Procesos. Serie Religión
Matèries:
Etiquetes: Afegir etiqueta
Sense etiquetes, Sigues el primer a etiquetar aquest registre!

MARC

LEADER 00000cam a2200000 a 4500
001 UCO7746
003 CL-VaPUC
008 001117e20000000SP |||||||||||||||||spa|d
020 |a 848164417X 
082 0 4 |a 200.1  |b DOM  |2 21 
100 0 |a Domínguez Morano, Carlos  |e author  |9 452449 
245 1 0 |a Psicoanálisis y religión: diálogo interminable, Sigmunf Freud y Oskar Pfister 
250 |a 1a. ed 
300 |a 211 p 
942 |c BK 
945 |d 20001117 00:00:00  |a vberengu 
260 |a Madrid  |b Trotta  |c 2000 
650 0 |a Ciencias de la vida  |9 314137 
650 7 |a CIENCIAS DEL COMPORTAMIENTO  |2 CL-VaPUC  |9 452451 
650 7 |a PSICOANALISIS Y RELIGION  |2 CL-VaPUC  |9 269165 
583 |a last modification  |c 20150821 12:18:37  |k Rodrigo Vera 
490 0 |a Colección Estructuras y Procesos. Serie Religión 
999 |c 292626  |d 292624 
952 |0 0  |1 0  |4 0  |6 200_100000000000000_DOM_2000  |7 0  |8 A  |9 343632  |a BIBTEO  |b BIBTEO  |d 2019-11-20  |i 3669181  |o 200.1 DOM 2000  |p 3669181  |r 2025-01-17  |w 2019-11-20  |y BK  |k ICR 
952 |0 0  |1 0  |3 erb  |4 0  |6 200_100000000000000_DOM_2000  |7 0  |8 A  |9 343633  |a BIBTEO  |b BIBTEO  |i 5195098  |o 200.1 DOM 2000  |p 5195098  |r 2025-01-17  |w 2019-11-20  |y BK  |z Catalogado en:20150827  |k ICR 
952 |0 0  |1 0  |3 erb  |4 0  |6 200_100000000000000_DOM_2000  |7 0  |8 A  |9 343634  |a BIBTEO  |b BIBTEO  |i 5399122  |o 200.1 DOM 2000  |p 5399122  |r 2025-01-17  |w 2019-11-20  |y BK  |z Catalogado en:20170616  |k ICR